ARRUPE JESUIT UNIVERSITY

CORONAVIRUS -STOP THE SPREAD - CLEAN,DISINFECT,COVER

Early Christian families in context : (Record no. 118227)

MARC details
000 -LEADER
fixed length control field 01223cam a22003014a 4500
001 - CONTROL NUMBER
control field 13064818
003 - CONTROL NUMBER IDENTIFIER
control field ARRUPE
005 - DATE AND TIME OF LATEST TRANSACTION
control field 20131002112356.0
008 - FIXED-LENGTH DATA ELEMENTS--GENERAL INFORMATION
fixed length control field 030121s2003 miua b 100 0 eng
010 ## - LIBRARY OF CONGRESS CONTROL NUMBER
LC control number 2003043428
020 ## - INTERNATIONAL STANDARD BOOK NUMBER
International Standard Book Number 080283986X (pbk. : alk. paper)
040 ## - CATALOGING SOURCE
Original cataloging agency DLC
Transcribing agency DLC
Modifying agency DLC
042 ## - AUTHENTICATION CODE
Authentication code pcc
043 ## - GEOGRAPHIC AREA CODE
Geographic area code e------
-- aw-----
-- ff-----
050 00 - LIBRARY OF CONGRESS CALL NUMBER
Classification number BR195.F35
Item number E27 2003
300 ## - PHYSICAL DESCRIPTION
Other physical details ill. ;
Dimensions 24 cm.
245 00 - TITLE STATEMENT
Title Early Christian families in context :
Remainder of title an interdisciplinary dialogue /
Statement of responsibility, etc edited by David L. Balch and Carolyn Osiek.
260 ## - PUBLICATION, DISTRIBUTION, ETC. (IMPRINT)
Place of publication, distribution, etc Grand Rapids, Mich. :
Name of publisher, distributor, etc W.B. Eerdmans Pub. Co.,
Date of publication, distribution, etc c2003.
300 ## - PHYSICAL DESCRIPTION
Extent xix, 412 p. :
504 ## - BIBLIOGRAPHY, ETC. NOTE
Bibliography, etc Includes bibliographical references (p. 359-388) and index.
650 #0 - SUBJECT ADDED ENTRY--TOPICAL TERM
Topical term or geographic name as entry element Families
General subdivision Religious aspects
-- Christianity
-- History
Form subdivision Congresses.
9 (RLIN) 2016
650 #0 - SUBJECT ADDED ENTRY--TOPICAL TERM
Topical term or geographic name as entry element Families
Geographic subdivision Rome
Form subdivision Congresses.
9 (RLIN) 2017
651 #0 - SUBJECT ADDED ENTRY--GEOGRAPHIC NAME
Geographic name Rome
General subdivision Social life and customs
Form subdivision Congresses.
9 (RLIN) 2018
700 1# - ADDED ENTRY--PERSONAL NAME
Personal name Balch, David L.
9 (RLIN) 2019
700 1# - ADDED ENTRY--PERSONAL NAME
Personal name Osiek, Carolyn.
9 (RLIN) 2020
906 ## - LOCAL DATA ELEMENT F, LDF (RLIN)
a 7
b cbc
c orignew
d 1
e ocip
f 20
g y-gencatlg
942 ## - ADDED ENTRY ELEMENTS (KOHA)
Source of classification or shelving scheme Library of Congress Classification
Koha item type Monograph ( Printed materials)
Holdings
Withdrawn status Lost status Source of classification or shelving scheme Damaged status Not for loan Home library Current library Shelving location Date acquired Total Checkouts Full call number Barcode Date last seen Price effective from Koha item type
    Library of Congress Classification     ARRUPE LIBRARY ARRUPE LIBRARY Main Collection 02/10/2013   BR195.F35 E27 2003 46410672 15/11/2016 02/10/2013 Monograph ( Printed materials)

 

Arrupe Library. PO Box MP320 Mt Pleasant, Harare, Zimbabwe
263 242 745411|librarian@aju.ac.zw